Diseño simplificado de armaduras de techo para arquitectos y constructores.
| Main Author: | |
|---|---|
| Format: | Section = Libro |
| Language: | Undetermined Spanish |
| Published: |
México
Lexus Editores
1972
|
| Subjects: |
| LEADER | 00699nam a2200253Ia 4500 | ||
|---|---|---|---|
| 008 | 240830s9999 xx 000 0 und d | ||
| 020 | |a 968-18-0484-8 | ||
| 040 | |a B-ESTELÍ- RUACS / 695 P238 | ||
| 041 | |a spa | ||
| 082 | |a 695 P238 | ||
| 100 | 1 | |a Parker, Harry | |
| 245 | 1 | 0 | |a Diseño simplificado de armaduras de techo para arquitectos y constructores. |
| 260 | |a México |b Lexus Editores |c 1972 | ||
| 300 | |a 289 p:il | ||
| 650 | 7 | |a FUERZAS CONCURRENTES | |
| 650 | 7 | |b FUERZAS NO CONCURRENTES | |
| 650 | 7 | |c CENTROIDES | |
| 650 | 7 | |d VIGAS | |
| 650 | 7 | |e CARGAS | |
| 650 | 7 | |f REACCIONES | |
| 650 | 7 | |g FUERZAS INTERNAS DE ARMADURA DE TECHO | |
| 942 | |c BK |2 ddc | ||
| 991 | |a TEXTO | ||
| 999 | |c 11604 | ||